000 02390nam a22003497a 4500
001 103693
003 KnowledgeUnlatched
005 20210303105038.0
006 m o d
007 cr u||||||||||
008 210129p20162019xx o u00| u spa d
037 _5BiblioBoard
245 0 0 _aClásicos del cine mexicano
_b31 películas emblemáticas desde la Época de Oro hasta el presente /
_cChristian Wehr.
020 _a9788484899396
029 1 _ahttps://library.biblioboard.com/ext/api/media/4ecdf53d-e3fa-4e1f-bd5b-ecd9c88e05b6/assets/thumbnail.jpg
040 _aScCtBLL
_cScCtBLL
506 0 _aAccess copy available to the general public.
_fUnrestricted
_2star
700 1 _aWehr, Christian
_eeditor.
264 1 _bIberoamericana Vervuert,
300 _a1 online resource (657 p.)
520 _a"Esta antología del cine mexicano presenta 31 películas emblemáticas de todas las épocas del cine del país, desde la llamada Época de Oro de los años treinta y cuarenta hasta el cine actual, e incluye tanto obras canónicas de Sergej Eisenstein, Fernando de Fuentes, Alejandro Galindo, Luis Buñuel y Arturo Ripstein como trabajos de realizadores actuales, como Jorge Fons, Alejandro González Iñárritu, Jorge Fons, Alfonso Cuarón y Fernando Eimbcke. El objetivo que se ha perseguido es el de ofrecer el desarrollo histórico del cine mexicano durante 80 años, así como también el de dar a conocer la riqueza de los temas y géneros que caracteriza la producción cinematográfica de México. Al panorama que se ofrece aquí han contribuido renombrados especialistas que realizan un detallado análisis con los contextos políticos, sociales, culturales y estéticos que influyen en las respectivas películas que analizan."
588 0 _aDescription based on print version record.
590 _aKU Romance Studies
650 7 _aPerforming Arts / Film / History & Criticism
_2bisacsh
650 0 _aPerforming arts
655 0 _aElectronic books.
758 _iIs found in:
_aKnowledge Unlatched
_1https://openresearchlibrary.org/module/2774bc74-146a-484f-a7ba-ab1d6a09bbfb
856 4 0 _uhttps://openresearchlibrary.org/content/4ecdf53d-e3fa-4e1f-bd5b-ecd9c88e05b6
_zView this content on Open Research Library.
_70
999 _c33379
_d33379